000 00286nam a2200109 4500
008 160625b xxu||||| |||| 00| 0 eng d
100 _91156
_a Shyam, R
245 _aNumerical Problems in Physics
260 _aD
_b Neelam
_c1996
300 _aNumerical Problems in Physics
942 _2ddc
_cBK
999 _c938
_d938